00856nam a2200241 a 450000100060000000300080000600500170001400800410003102000180007202000210009003500190011104000350013004100080016508200270017310000270020024500970022726001070032430000200043150400370045165100560048865100360054471000340058041429BD-RjUL20211209053403.0160530s1997 ii 001 0 eng d a0803993501 US a8170365929 India a(BD-RjUL)41547 aBD-RjULcBD-RjULbengdBD-RjUL aeng0 221a320.9546bBOC 19971 aBose, Sumantra,d1968-14aThe challenge in Kashmir :bdemocracy, self-determination and a just peace /cSumantra Bose. aNew Delhi ;aLondon :bSage ;aNew Delhi :bin association with The Book Review Literary Trust,c1997. a211 p ;c23 cm. aIncludes bibliography and index. 0aJammu and Kashmir (India)xPolitics and government. 0aIndiaxPolitics and government.2 aBook Review Trust, New Delhi.